Mater et magistra: Juan pp. XXIII

Guardat en:
Dades bibliogràfiques
Autor principal: Juan XXIII (Autor)
Format: Llibre
Idioma:espanyol
Publicat: Santiago Universidad Católica de Chile 1961
Matèries:
Etiquetes: Afegir etiqueta
Sense etiquetes, Sigues el primer a etiquetar aquest registre!

MARC

LEADER 00000nam a2200000 a 4500
001 UCI4406
003 CL-VaPUC
008 080118e19610000CL |||||||||||||||||spa|d
082 0 4 |a 262.91  |b JUA  |2 21 
100 |a Juan XXIII  |e author  |9 337271 
245 1 0 |a Mater et magistra: Juan pp. XXIII 
300 |a 95 p 
942 |c BK 
945 |d 20080118 00:00:00  |a rbrito 
260 |a Santiago  |b Universidad Católica de Chile  |c 1961 
500 |a Donación Padres Capuchinos 
600 0 |a Juan XXIII  |9 337271 
650 0 |a Encíclicas  |9 255643 
650 0 |a Documentos pontificios   |9 255642 
650 0 |a Trabajadores  |9 260887 
650 0 |a Problemas sociales  |9 258537 
583 |a last modification  |c 20080118 00:00:00  |k Rodrigo Vera 
999 |c 328348  |d 328346 
952 |0 0  |1 0  |4 0  |6 262_910000000000000_JUA_1961  |7 0  |8 X  |9 412213  |a FDOBUD  |b FDOBUD  |d 2019-11-22  |i 4402405  |o 262.91 JUA 1961  |p 4402405  |r 2019-11-22  |w 2019-11-22  |y BK_X  |k BUD